Dimension Of Buddhist Art/ (Record no. 198264)

MARC details
000 -LEADER
fixed length control field 00563nam a22001817a 4500
005 - DATE AND TIME OF LATEST TRANSACTION
control field 20240301122222.0
010 ## - LCCN (DPL NO)
LC control number ENG-138081
020 ## - INTERNATIONAL STANDARD BOOK NUMBER
International Standard Book Number 9789394290044
Terms of availability 1350.00
035 ## - SYSTEM CONTROL NUMBER
System control number EN-121613
037 ## - SOURCE OF ACQUISITION
Source of stock number/acquisition DBAD/PUB
082 ## - DEWEY DECIMAL CLASSIFICATION NUMBER
Classification number 704.9481
100 ## - MAIN ENTRY--PERSONAL NAME
Personal name Pandey Poonam
245 ## - TITLE STATEMENT
Title Dimension Of Buddhist Art/
Medium English
260 ## - PUBLICATION, DISTRIBUTION, ETC. (IMPRINT)
Place of publication, distribution, etc Subhash Park
Name of publisher, distributor, etc Blue Ink International Publishers& Distributors
270 ## - ADDRESS
Address 1/11137, Top Floor , Lane nn. 10
City Shahdraa
Postal code 110032
300 ## - PHYSICAL DESCRIPTION
Extent 264p
Dimensions 23cm(pbk)
942 ## - ADDED ENTRY ELEMENTS (KOHA)
Source of classification or shelving scheme Dewey Decimal Classification
Item type English Books
Classification part 704.9481
Call number suffix PAN
Edition 2022
Holdings
Withdrawn status Lost status Not for loan Collection code Home library Current library Date acquired Source of acquisition Cost, normal purchase price Full call number Barcode Copy number Cost, replacement price Koha item type
      Non-fiction Bawana Bawana 01/03/2024 DBAD 1350.00 704.9481 PAN EN-121613 1 1350.00 English Books

© Delhi Public Library
Hit Counter
free hit counter